| 000 | 01453cam a22003854a 4500 | ||
|---|---|---|---|
| 001 | 13154128 | ||
| 003 | OSt | ||
| 005 | 20260213165957.0 | ||
| 008 | 030409s2003 iluab b 000 0 eng | ||
| 010 | _a 2003008332 | ||
| 020 |
_a083082426X _qUSA pbk. : alk. paper |
||
| 020 |
_a0851118984 _qUK pbk. : alk. paper |
||
| 020 |
_a9780851118987 _q(UK pbk. : alk. paper) |
||
| 035 | _a13154128 | ||
| 040 |
_aDLC _cDLC _dDLC |
||
| 042 | _apcc | ||
| 050 | 0 | 0 |
_aBS1605.53 _b.N59 2003 |
| 082 | 0 | 0 |
_a224/.9207 _221 |
| 100 | 1 | _aNixon, Rosemary A. | |
| 245 | 1 | 4 |
_aThe message of Jonah : _bpresence in the storm / _cRosemary A. Nixon. |
| 260 |
_aDowners Grove, IL : _bInterVarsity Press, _cc 2003. |
||
| 300 |
_a220 p. : _bill., 1 map ; _c21 cm. |
||
| 336 |
_atext _btxt _2rdacontent |
||
| 337 |
_aunmediated _bn _2rdamedia |
||
| 338 |
_avolume _bnc _2rdacarrier |
||
| 440 | 4 | _aThe Bible speaks today | |
| 504 | _aIncludes bibliographical references (p. 11-14). | ||
| 630 | 0 | 0 |
_aBible. _pJonah _vCommentaries. |
| 655 | 7 |
_aCommentaries. _2lcgft _0https://id.loc.gov/authorities/genreForms/gf2025026014 |
|
| 856 | 4 | 1 |
_3Table of contents _uhttp://www.loc.gov/catdir/toc/ecip042/2003008332.html |
| 906 |
_a7 _bcbc _corignew _d1 _eecip _f20 _gy-gencatlg |
||
| 942 |
_2lcc _cBK |
||
| 999 |
_c21246 _d21245 |
||